Komunálna technika - technické spôsoby biologickej neutralizácie odpadov (14. časť)

Bibliographic Details
Main Author: Janoško, Ivan, 1963- (Author)
Format: Article
Language:Slovak
PhysicalDescription:Obr.
ISSN:1335-6178
Subjects:

MARC

LEADER 00000nab a2200000 a 4500
001 vtls009486993
003 SK-MaSNL
005 20260304152707.0
008 250506c2009 xo |||||||||||000 b|slo
015 |a SNBRB2009/03  |2 snkbucl 
035 |a (uuid)3169d213-7eb6-4bc8-86fc-39c40270395a 
035 |a urn:nbn:sk:snk-ab1za0 
035 |a (urnnbn)urn:nbn:sk:snk:ar-a01akg 
038 |a SNKBUCL 
040 |a SNKBUCL  |b slo  |c SNKBUCL  |e AACR2 
041 0 |a slo 
044 |a xo  |c SK 
080 |a 628.473  |2 1997 
080 |a 628.3/.5  |2 1997 
100 1 |a Janoško, Ivan,  |d 1963-  |4 aut  |9 112144 
245 1 0 |a Komunálna technika - technické spôsoby biologickej neutralizácie odpadov  |n (14. časť)  |c Ivan Janoško 
300 |b Obr. 
650 0 7 |a biologicky rozložiteľný odpad  |2 snkbucl  |9 78735 
650 0 7 |a kompostovanie  |2 snkbucl  |9 21880 
773 0 |t Moderná mechanizácia v poľnohospodárstve  |g Roč. XII, č. 3 (2009), s. 32-33  |x 1335-6178 
850 |a Slovenská národná knižnica 
852 |a Slovenská národná knižnica 
954 |a odborná, vedecká literatúra pôvodná (slovenská)  |2 lita 
958 |a article27 
958 |a OND 
958 |a EUIPO 
999 |c 2950521  |d 2952451